Simulador de una subestación transformadora
Guardado en:
| Autor principal: | |
|---|---|
| Otros Autores: | |
| Formato: | Libro |
| Publicado: |
[San José , Costa Rica]
1974
|
| Etiquetas: |
Agregar Etiqueta
Sin Etiquetas, Sea el primero en etiquetar este registro!
|
MARC
| LEADER | 00000nam a2200000Ia 4500 | ||
|---|---|---|---|
| 003 | PIE057 | ||
| 005 | 20221231143850.0 | ||
| 008 | 140116s1974 c a m 000 ||s d | ||
| 040 | |c cru CEDI | ||
| 090 | |a PIE 57 | ||
| 100 | |a García Morgan, Luis Fernando |9 18241 | ||
| 245 | |a Simulador de una subestación transformadora | ||
| 260 | |c 1974 |a [San José , Costa Rica] | ||
| 300 | |a 57 hojas ; ilustraciones | ||
| 500 | |a A la cabeza de la portada. Universidad de Costa Rica. Facultad de Ingeniería. Departamento de Ingeniería Eléctrica. Proyecto Eléctrico IE-410 | ||
| 700 | |a Cruz Ramírez, Manuel Gerardo |9 18243 | ||
| 942 | |c PIE | ||
| 999 | |c 13432 |d 13432 | ||
